|
|
|
|
| LEADER |
00756nam a2200181 i 4500 |
| 003 |
GR-PaULI |
| 005 |
20230921131850.0 |
| 008 |
200409s1988 gr ||||| |||| 00| 0 eng d |
| 952 |
|
|
|0 0
|1 0
|2 ddc
|4 0
|6 889_134000000000000_ΠΑΤ
|7 0
|9 240199
|a LISP
|b LISP
|c DON
|d 2020-04-09
|e ΓΑΛ
|i 143141
|l 0
|o 889.134 ΠΑΤ
|p 025000269336
|r 2020-04-09 00:00:00
|t 1
|v 2020.00
|w 2020-04-09
|y BKN
|
| 999 |
|
|
|c 145036
|d 145036
|
| 040 |
|
|
|a GR-PaULI
|b gre
|c GR-PaULI
|e AACR2
|
| 082 |
0 |
4 |
|2 23
|a 889.134
|
| 100 |
1 |
|
|a Πατρίκιος, Τίτος,
|d 1928-
|e συγγραφέας
|9 7113
|
| 245 |
|
|
|a Αντικριστοί καθρέπτες /
|c Τίτος Πατρίκιος.
|
| 260 |
|
|
|a Αθήνα:
|b Στιγμή,
|c 1988.
|
| 300 |
|
|
|a 93 σ.
|c 22 εκ.
|
| 942 |
|
|
|2 ddc
|c BKN
|
| 998 |
|
|
|c ΣΑΤΛΑΝΗΣ
|d 2020-04
|